On the mend : (Record no. 93127)
[ view plain ]
| 000 -LEADER | |
|---|---|
| fixed length control field | 00908nam a22002417a 4500 |
| 005 - DATE AND TIME OF LATEST TRANSACTION | |
| control field | 20230417111612.0 |
| 010 ## - LCCN (DPL NO) | |
| LC control number | ENG-112738 ENG-136684 |
| 020 ## - INTERNATIONAL STANDARD BOOK NUMBER | |
| International Standard Book Number | 9789384390020 |
| Terms of availability | 1500.00 |
| 035 ## - SYSTEM CONTROL NUMBER | |
| System control number | EN-96270 EN-120216 |
| 037 ## - SOURCE OF ACQUISITION | |
| Source of stock number/acquisition | DBAD/PUB |
| 082 ## - DEWEY DECIMAL CLASSIFICATION NUMBER | |
| Classification number | 362.10973 |
| 100 ## - MAIN ENTRY--PERSONAL NAME | |
| Personal name | Toussaint, John |
| 245 ## - TITLE STATEMENT | |
| Title | On the mend : |
| Statement of responsibility, etc | by John Toussaint Roger, A. Gerand [and] |
| Remainder of title | revolutionizing healthcare to save lives and transform the industry / |
| 260 ## - PUBLICATION, DISTRIBUTION, ETC. (IMPRINT) | |
| Place of publication, distribution, etc | New Delhi |
| Name of publisher, distributor, etc | Lean Management Institute |
| Date of publication, distribution, etc | 2014 |
| 270 ## - ADDRESS | |
| Address | 3rd Floor, Select City Walk, A-3 District Centre, Saket, |
| City | New Delhi |
| Postal code | 110017 |
| 300 ## - PHYSICAL DESCRIPTION | |
| Extent | ix,185p. : |
| Dimensions | 22cm(pbk) |
| Other physical details | ill. |
| 650 ## - SUBJECT ADDED ENTRY--TOPICAL TERM | |
| Topical term or geographic name as entry element | Health care reform |
| Geographic subdivision | United States. |
| 650 ## - SUBJECT ADDED ENTRY--TOPICAL TERM | |
| Topical term or geographic name as entry element | Medical care, Cost of |
| Geographic subdivision | United States |
| General subdivision | Evaluation |
| 650 ## - SUBJECT ADDED ENTRY--TOPICAL TERM | |
| Topical term or geographic name as entry element | Organizational behavior. |
| 700 ## - ADDED ENTRY--PERSONAL NAME | |
| Personal name | Gerard, Roger A. |
| 700 ## - ADDED ENTRY--PERSONAL NAME | |
| Personal name | Adams,Emily |
| 942 ## - ADDED ENTRY ELEMENTS (KOHA) | |
| Source of classification or shelving scheme | Dewey Decimal Classification |
| Item type | English Books |
| Call number suffix | TOU |
| Classification part | 362.10973 |
| Withdrawn status | Lost status | Not for loan | Collection code | Home library | Current library | Date acquired | Source of acquisition | Cost, normal purchase price | Full call number | Barcode | Copy number | Cost, replacement price | Koha item type |
|---|---|---|---|---|---|---|---|---|---|---|---|---|---|
| Not For Loan | Non-fiction | D.B.Act.Division | D.B.Act.Division | 23/04/2015 | DBAD/PUB | 1500.00 | 362.10973 TOU | EN-96270 | 1 | 1500.00 | English Books | ||
| Non-fiction | Shahdara Branch | Shahdara Branch | 17/04/2023 | DBAD/PUB | 1500.00 | 362.10973 TOU | EN-120216 | 1 | 1500.00 | English Books |
